[Event "Druzynowe Mistrzostwa Polski - II Liga 2023"]
[Site "Jastrzebia Gora"]
[Date "1899-12-30"]
[Round "7.96"]
[White "Popczynska, Michalina"]
[Black "Dwilewicz, Agata"]
[Result "0-1"]
[WhiteTitle "I"]
[BlackTitle "k"]
[WhiteElo "1502"]
[BlackElo "1769"]

1. e4 e5 2. Nf3 Nc6 3. Bc4 Nf6 4. d3 Bc5 5. c3 d6 6. Bb3 a6 7. Nbd2 Ba7 8. O-O
h6 9. h3 g5 10. Nh2 g4 11. h4 g3 12. Nhf3 Ng4 13. d4 gxf2+ 14. Kh1 Ne3 15. Qe2
Nxf1 16. Nxf1 Qf6 17. d5 Ne7 18. Be3 Bxe3 19. Nxe3 Ng6 20. g3 Bd7 21. Qxf2 Rg8
22. Kh2 Nxh4 23. gxh4 Qf4+ 24. Kh1 Rg3 25. Rf1 Bh3 26. Nf5 Bg2+ 27. Qxg2 Rxg2
28. Kxg2 Qxe4 29. Ng3 Qf4 30. Bc2 Qc4 31. Bb3 Qd3 32. Rf2 O-O-O 33. Rd2 Qe3 34.
Re2 Qf4 35. Re4 Qc1 36. Re2 Rg8 37. Kf2 Qf4 38. Ne4 f5 39. Nf6 Rg3 40. Re3 e4
41. Bd1 Rg2+ 42. Kxg2 Qxe3 43. Ng1 Qd2+ 44. Be2 Qxb2 45. Ng8 f4 46. Kf1 f3 47.
Nxf3 exf3 48. Bxf3 Qxc3 0-1

[Event "Druzynowe Mistrzostwa Polski - II Liga 2023"]
[Site "Jastrzebia Gora"]
[Date "1899-12-30"]
[Round "7.97"]
[White "Kutowski, Marcel"]
[Black "Stanisz, Patryk"]
[Result "1-0"]
[WhiteTitle "k"]
[BlackTitle "CM"]
[WhiteElo "2170"]
[BlackElo "2149"]

1. e4 c5 2. Nf3 Nc6 3. Nc3 a6 4. d4 cxd4 5. Nxd4 e5 6. Nf5 d6 7. Bc4 Be6 8. Bd5
g6 9. Ne3 Rc8 10. O-O Nf6 11. a3 Bg7 12. Qd3 Rc7 13. b4 Nd4 14. Bb2 Nh5 15. Ne2
Qg5 16. Bxe6 Nxe2+ 17. Qxe2 fxe6 18. Kh1 O-O 19. Rad1 Nf4 20. Qd2 Rc6 21. c4 Bh6
22. b5 Rxc4 23. g3 Qh5 24. gxf4 Rxe4 25. f3 Rexf4 26. Qxd6 Qh3 27. Ng4 Bg7 28.
Qxe6+ Kh8 29. Bxe5 Bxe5 30. Qxe5+ Kg8 31. Qd5+ Kh8 32. Ne5 Qh5 33. bxa6 bxa6 34.
Qe6 R4f5 35. Ng4 Qh4 36. Qe4 Qh3 37. Qd4+ Kg8 38. Qc4+ Kh8 39. Rd7 R5f7 40. Rxf7
Rxf7 41. Qxa6 Kg7 42. Qd3 Rf5 43. Rf2 Qh4 44. Qd4+ Kg8 45. Re2 Rf8 46. Re7 Qxe7
47. Nh6# 1-0

[Event "Druzynowe Mistrzostwa Polski - II Liga 2023"]
[Site "Jastrzebia Gora"]
[Date "1899-12-30"]
[Round "7.98"]
[White "Kaminski, Piotr"]
[Black "Wilk, Igor"]
[Result "0-1"]
[WhiteTitle "k"]
[BlackTitle "I++"]
[WhiteElo "2024"]
[BlackElo "2166"]

1. d4 Nf6 2. c4 e6 3. Nf3 b6 4. g3 Bb7 5. Bg2 Be7 6. O-O O-O 7. b3 d6 8. Bb2 Nbd7
9. Nbd2 Ne4 10. Re1 f5 11. Nf1 Ndf6 12. N3d2 Qe8 13. f3 Nxd2 14. Nxd2 Qg6 15.
b4 h5 16. Kh1 h4 17. gxh4 Nh5 18. e3 Bxh4 19. Re2 Kf7 20. f4 Rh8 21. Nf1 c6 22.
d5 exd5 23. cxd5 cxd5 24. Rc1 Rac8 25. Bxd5+ Bxd5+ 26. Qxd5+ Qe6 27. Qb7+ Be7
28. Rec2 Rxc2 29. Rxc2 Qxa2 30. Rc7 Qe6 31. Bd4 a5 32. b5 Nf6 33. Bxb6 Nd5 34.
Rc6 Qe4+ 35. Kg1 Rh6 36. Kf2 Rh3 37. Qc8 Rf3+ 38. Kg1 Qd3 39. Ng3 Qd1+ 40. Kg2
Qd3 41. Kg1 Nxb6 42. Rxb6 Qxe3+ 43. Kg2 Rf2+ 44. Kh3 0-1

[Event "Druzynowe Mistrzostwa Polski - II Liga 2023"]
[Site "Jastrzebia Gora"]
[Date "1899-12-30"]
[Round "7.99"]
[White "Bielczyk, Jacek"]
[Black "Rudecki, Bartosz"]
[Result "1-0"]
[WhiteTitle "IM"]
[BlackTitle "I+"]
[WhiteElo "2238"]
[BlackElo "1880"]

1. e4 e5 2. Nf3 Nf6 3. Nxe5 d6 4. Nf3 Nxe4 5. Nc3 Nxc3 6. dxc3 Be7 7. Be3 Nc6 8.
Qd2 Be6 9. a3 Qd7 10. O-O-O O-O-O 11. Nd4 a6 12. Be2 Bf6 13. Rhe1 Kb8 14. h3 Rhe8
15. Kb1 Nxd4 16. cxd4 d5 17. Bg5 Bxg5 18. Qxg5 Qe7 19. Qxg7 Rg8 20. Qxh7 Rxg2
21. Bg4 Qf6 22. f3 Bxg4 23. fxg4 Rh8 24. Qd3 Qd6 25. Qf3 Rg3 26. Qxf7 Rhxh3 27.
Re6 1-0

[Event "Druzynowe Mistrzostwa Polski - II Liga 2023"]
[Site "Jastrzebia Gora"]
[Date "1899-12-30"]
[Round "7.100"]
[White "Szmyd, Arkadiusz"]
[Black "Sadzikowski, Marian"]
[Result "1-0"]
[WhiteTitle "CM"]
[BlackTitle "I+"]
[WhiteElo "2053"]
[BlackElo "1706"]

1. e4 b6 2. d4 Bb7 3. Nc3 e6 4. a3 Nf6 5. e5 Ne4 6. Nxe4 Bxe4 7. Nf3 Be7 8. Be2
O-O 9. O-O d5 10. Be3 c5 11. c3 Nc6 12. Nd2 Bg6 13. f4 cxd4 14. cxd4 Rc8 15. Rc1
f6 16. Bb5 Nb8 17. exf6 Bxf6 18. Nf3 a6 19. Be2 Rxc1 20. Qxc1 Rf7 21. Qd2 Rc7
22. Rc1 Qc8 23. Rxc7 Qxc7 24. Ne5 Qc2 25. Qxc2 Bxc2 26. Kf2 Bxe5 27. dxe5 b5 28.
Bc5 Nd7 29. Ba7 Kf7 30. Ke3 g6 31. Kd4 Ke7 32. Kc3 Be4 33. g3 Kd8 34. a4 bxa4
35. Bxa6 Kc7 36. Bb5 Nb6 37. Bxb6+ Kxb6 38. Bxa4 Bf5 39. b4 Bg4 40. Bc2 Kb5 41.
Bd3+ Ka4 42. Bf1 Bf5 43. Be2 h5 44. Bd1+ Kb5 45. Kb3 Bg4 46. Bc2 Bf5 47. Bxf5
gxf5 48. h3 d4 49. h4 d3 50. Kc3 d2 51. Kxd2 Kxb4 52. g4 fxg4 53. f5 Kc5 54. f6
Kd5 55. f7 Kxe5 56. f8=Q Ke4 57. Ke2 Kd5 1-0

[Event "Druzynowe Mistrzostwa Polski - II Liga 2023"]
[Site "Jastrzebia Gora"]
[Date "1899-12-30"]
[Round "7.101"]
[White "Balis, Sebastian"]
[Black "Ociepka, Tomasz"]
[Result "0-1"]
[WhiteTitle "II+"]
[BlackTitle "I+"]
[WhiteElo "1484"]
[BlackElo "1835"]

1. e4 c5 2. Nf3 d6 3. d4 cxd4 4. Nxd4 Nf6 5. Nc3 e6 6. Be2 Be7 7. O-O O-O 8. f4
Nc6 9. Be3 a6 10. Bf3 Qc7 11. Qe1 Nxd4 12. Bxd4 e5 13. Be3 Be6 14. Qf2 Qc6 15.
Rfd1 Rac8 16. Rd2 Rfe8 17. f5 Bc4 18. g4 b5 19. g5 b4 20. Nd5 Nxd5 21. exd5 Qd7
22. Be4 g6 23. h4 Bb5 24. h5 Rc4 25. Qf3 Rxe4 26. Qxe4 gxf5 27. Qg2 f4 28. Bf2
Qf5 29. Bh4 Bd8 30. a4 bxa3 31. Rxa3 e4 32. Qh3 Bb6+ 33. Kh2 Qxh3+ 34. Kxh3 e3
35. Rh2 f3 0-1

[Event "Druzynowe Mistrzostwa Polski - II Liga 2023"]
[Site "Jastrzebia Gora"]
[Date "1899-12-30"]
[Round "7.102"]
[White "Tarnowska, Aleksandra"]
[Black "Salamon, Julia"]
[Result "0-1"]
[WhiteTitle "WCM"]
[BlackTitle "I++"]
[WhiteElo "1860"]
[BlackElo "1814"]

1. e4 c5 2. Nc3 e6 3. f4 Nc6 4. Nf3 d5 5. exd5 exd5 6. d4 Nf6 7. Bb5 a6 8. Bxc6+
bxc6 9. O-O Be7 10. Ne5 Qc7 11. Be3 cxd4 12. Qxd4 Rb8 13. Na4 Rb4 14. Qa7 Qxa7
15. Bxa7 Rxa4 16. Nxc6 Rc4 17. Nxe7 Kxe7 18. c3 Bf5 19. Bd4 Rg8 20. h3 h5 21.
Rad1 Ne4 22. Rfe1 g5 23. fxg5 Rxg5 24. Kh2 Ke6 25. Re3 Rc8 26. b3 Rcg8 27. Re2
Kd6 28. c4 Be6 29. Be3 Nc3 30. Bf4+ Ke7 31. cxd5 Nxe2 32. Bxg5+ Rxg5 33. dxe6
fxe6 34. Rd2 Nf4 35. g3 Nd5 36. Rd4 Re5 37. Ra4 Nc3 38. Rxa6 Re2+ 39. Kh1 Rxa2
40. Rc6 Nd5 41. Rc8 Rb2 42. Rb8 e5 43. Kg1 e4 44. Rh8 Rxb3 45. Rxh5 Ke6 46. Rg5
Rf3 47. h4 e3 48. Kg2 Rf6 49. Rg4 Ke5 50. Rg5+ Kd4 51. Rg4+ Kd3 52. Rg5 Nc3 53.
Re5 Kd4 54. Re7 Ne4 55. Rd7+ Rd6 56. Rxd6+ Nxd6 57. h5 Kd3 58. Kf1 Kd2 0-1

[Event "Druzynowe Mistrzostwa Polski - II Liga 2023"]
[Site "Jastrzebia Gora"]
[Date "1899-12-30"]
[Round "7.103"]
[White "Trzebinski, Patryk"]
[Black "Rajlich, Vasik"]
[Result "0-1"]
[WhiteTitle "I++"]
[BlackTitle "IM"]
[WhiteElo "1916"]
[BlackElo "2303"]

1. e4 c5 2. Nf3 g6 3. d4 cxd4 4. Nxd4 Bg7 5. Be3 Nf6 6. Nc3 Nc6 7. Nxc6 bxc6 8.
e5 Ng8 9. Bd4 Qa5 10. f4 f6 11. Bc4 fxe5 12. fxe5 Bxe5 13. b4 Qc7 14. Qf3 Nf6
15. O-O-O d5 16. Rhe1 Bxd4 17. Rxd4 O-O 18. Nxd5 cxd5 19. Bxd5+ Nxd5 20. Qxd5+
Kg7 21. Qxa8 Bf5 22. Rde4 e6 23. Rc4 Qxc4 24. Qxa7+ Kf6 25. Qf2 Qxb4 26. Re3 Rc8
27. Rb3 Qe4 28. Rb2 Rc3 29. h3 Re3 30. g4 Rxh3 31. gxf5 Qh1+ 0-1

[Event "Druzynowe Mistrzostwa Polski - II Liga 2023"]
[Site "Jastrzebia Gora"]
[Date "1899-12-30"]
[Round "7.104"]
[White "Jarzebowski, Kacper"]
[Black "Malinowski, Szymon"]
[Result "1-0"]
[WhiteTitle "k+"]
[BlackTitle "I++"]
[WhiteElo "2145"]
[BlackElo "1902"]

1. e4 c6 2. d4 d5 3. e5 Bf5 4. Nd2 b5 5. Nb3 e6 6. Nf3 Nd7 7. Be2 Ne7 8. O-O Qb6
9. a4 a6 10. Ne1 b4 11. a5 Qc7 12. h4 h5 13. Bd2 c5 14. Nxc5 Nxc5 15. dxc5 Nc6
16. Nd3 Bxd3 17. cxd3 Qxe5 18. Qa4 Kd7 19. Be3 Qxb2 20. Ra2 Qf6 21. Rb1 Qxh4 22.
Rab2 Kc7 23. Rxb4 Nxb4 24. Rxb4 Qe7 25. Rb6 Qe8 26. Bf4+ Kd8 27. Qb3 Bxc5 28.
Rb8+ Rxb8 29. Qxb8+ Ke7 30. Qc7+ Kf6 31. Qxc5 e5 32. Qd6+ Kf5 33. Bd2 d4 34. Qxa6
h4 35. Bf3 h3 36. g4# 1-0

[Event "Druzynowe Mistrzostwa Polski - II Liga 2023"]
[Site "Jastrzebia Gora"]
[Date "1899-12-30"]
[Round "7.105"]
[White "Twardowski, Hubert"]
[Black "Maciaszek, Karol"]
[Result "0-1"]
[WhiteTitle "I+"]
[BlackTitle "I"]
[WhiteElo "1853"]
[BlackElo "1889"]

1. e4 e6 2. d4 c5 3. c3 cxd4 4. cxd4 Nf6 5. e5 Nd5 6. Nf3 d6 7. Bc4 Be7 8. Qe2
O-O 9. O-O b6 10. Qe4 Ba6 11. Nbd2 Qc7 12. b3 dxe5 13. dxe5 Bxc4 14. Nxc4 Nd7
15. Qg4 Rfd8 16. Bb2 Nf8 17. Rac1 Qd7 18. Nd4 Ng6 19. Qe4 a6 20. Rcd1 b5 21. Nd2
Rac8 22. Rc1 Bb4 23. N2f3 h6 24. h4 Nge7 25. h5 Ba5 26. g4 Nc3 27. Qf4 Ned5 28.
Qg3 Ne4 29. Qh4 Nf4 30. Rcd1 Qb7 31. Kh2 Bb6 32. Bc1 Ng5 33. Bxf4 Nxf3+ 34. Nxf3
Qxf3 35. Rxd8+ Rxd8 36. Be3 Bc7 37. Qg3 Qxg3+ 38. Kxg3 Bxe5+ 39. Kf3 Kf8 40. Ke4
Bd6 41. Rc1 Ke7 42. Bb6 Rb8 43. Bc7 Ra8 44. Ba5 Kd7 45. Rd1 Rc8 46. Bb4 Rc6 47.
Rd2 Ke7 48. Ba5 Rc1 49. Bb6 Re1+ 50. Kd3 g6 51. hxg6 fxg6 52. Be3 h5 53. gxh5
gxh5 54. Rc2 Rh1 55. Ke4 h4 56. Rc8 h3 57. Rh8 h2 58. f4 Bxf4 59. Rh7+ Kf8 60.
Bxf4 Re1+ 61. Kd4 0-1

[Event "Druzynowe Mistrzostwa Polski - II Liga 2023"]
[Site "Jastrzebia Gora"]
[Date "1899-12-30"]
[Round "7.106"]
[White "Kicinski, Jacek"]
[Black "Chmura, Eryk"]
[Result "1/2-1/2"]
[WhiteTitle "I+"]
[BlackTitle "I++"]
[WhiteElo "1929"]
[BlackElo "1752"]

1. d4 d5 2. Nf3 Nf6 3. Bg5 Ne4 4. Bh4 c5 5. dxc5 Nc6 6. Nbd2 Nxc5 7. e3 Qb6 8.
c4 Bf5 9. cxd5 Nb4 10. Nc4 Qh6 11. Nd4 Nbd3+ 12. Bxd3 Nxd3+ 13. Ke2 Qxh4 14. Nxf5
Qxf2+ 15. Kxd3 Qxf5+ 16. e4 Qd7 17. Qb3 f6 18. Rac1 e6 19. Ne3 exd5 20. Nxd5 Bd6
21. g3 Be5 22. Rhd1 O-O 23. Ke3 Qh3 24. Nc7+ Kh8 25. Nxa8 Qxh2 1/2-1/2

[Event "Druzynowe Mistrzostwa Polski - II Liga 2023"]
[Site "Jastrzebia Gora"]
[Date "1899-12-30"]
[Round "7.107"]
[White "Hladun, Bartlomiej"]
[Black "Rajlich, Vaclav"]
[Result "0-1"]
[WhiteTitle "I"]
[BlackTitle "I"]
[WhiteElo "1693"]
[BlackElo "1596"]

1. Nf3 Nf6 2. d4 g6 3. c4 Bg7 4. g3 O-O 5. Bg2 d6 6. Nc3 Nc6 7. O-O e5 8. d5 Nb8
9. e4 a5 10. h3 Na6 11. Ne1 Nc5 12. Nd3 Nfd7 13. Be3 f5 14. Nxc5 Nxc5 15. Bxc5
dxc5 16. Kh2 f4 17. b3 Ra6 18. Bf3 h5 19. g4 Qh4 20. Kg2 Qg5 21. Rh1 hxg4 22.
hxg4 Bxg4 23. Kf1 Bd7 24. Ke2 Rd6 25. Qd2 Qf6 26. Rag1 c6 27. Rg2 g5 28. Kd3 b5
29. Kc2 b4 30. Na4 cxd5 31. cxd5 Qg6 32. Nb2 Be6 33. Qd3 Rxd5 34. exd5 Bf5 35.
Re1 Bxd3+ 36. Nxd3 e4 37. Bxe4 Qf6 38. Reg1 Qc3+ 39. Kd1 Qa1+ 40. Nc1 Re8 41.
Bd3 Bf6 42. Rh2 Re5 43. Bc4 Re4 44. f3 Qd4+ 45. Rd2 Qxg1+ 0-1

[Event "Druzynowe Mistrzostwa Polski - II Liga 2023"]
[Site "Jastrzebia Gora"]
[Date "1899-12-30"]
[Round "7.108"]
[White "Kicinska, Magdalena"]
[Black "Filipska, Maja"]
[Result "1/2-1/2"]
[WhiteTitle "I++"]
[BlackTitle "I++"]
[WhiteElo "1499"]
[BlackElo "1763"]

1. d4 Nf6 2. Nf3 g6 3. c4 Bg7 4. g3 O-O 5. Bg2 c6 6. O-O d5 7. cxd5 cxd5 8. Nc3
Nc6 9. h3 Ne4 10. Be3 Nxc3 11. bxc3 Na5 12. Qc1 Bf5 13. Nh4 Be6 14. Bh6 Rc8 15.
Bxg7 Kxg7 16. f4 Qc7 17. f5 Qxg3 18. fxe6 Qxh4 19. exf7 Rxf7 20. Rxf7+ Kxf7 21.
Bxd5+ e6 22. Bg2 Qg3 23. e3 Nc4 24. Qf1+ Kg7 25. Qf2 Qxe3 26. Bxb7 Qg5+ 27. Qg2
Qe3+ 28. Qf2 Qg5+ 29. Qg2 1/2-1/2

[Event "Druzynowe Mistrzostwa Polski - II Liga 2023"]
[Site "Jastrzebia Gora"]
[Date "1899-12-30"]
[Round "7.109"]
[White "Osinski, Emil"]
[Black "Darowicki, Mariusz"]
[Result "1/2-1/2"]
[WhiteTitle "k"]
[BlackTitle "I++"]
[WhiteElo "2157"]
[BlackElo "1906"]

1. e4 e5 2. Nf3 Nf6 3. d4 Nxe4 4. dxe5 d5 5. Bd3 Nc5 6. Be2 Be7 7. O-O O-O 8. Bf4
Ne6 9. Bg3 b6 10. Nc3 Bb7 11. Qd2 c6 12. Rad1 Nd7 13. Rfe1 a5 14. Nd4 Nxd4 15.
Qxd4 Nc5 16. Na4 Nxa4 17. Qxa4 b5 18. Qd4 Qc8 19. Bg4 Qd8 20. f4 c5 21. Qd3 Qb6
22. Bf2 d4 23. Qh3 Qc6 24. Rd3 Qh6 25. Qxh6 gxh6 26. c3 dxc3 27. Rxc3 c4 28. Rd1
Rfd8 29. Rcc1 a4 30. a3 Bc6 31. f5 Bg5 32. Rxd8+ Rxd8 33. Rd1 Rd3 34. Be2 Rxd1+
35. Bxd1 c3 36. Bd4 cxb2 37. Bxb2 Be7 38. Be2 b4 39. axb4 Bxb4 40. Bc4 Bc5+ 41.
Kh1 h5 42. h4 Kf8 43. Kh2 Be4 44. f6 a3 45. Bc3 Ke8 46. Kg3 Bg6 47. Kf4 Kd7 48.
Bb3 Ke8 49. g3 Kd7 50. e6+ fxe6 51. Ba4+ Kc7 52. Ke5 Bf7 53. Ba5+ Kc8 54. Bb3
Kd7 55. Ba4+ Kc8 56. Bb3 1/2-1/2

[Event "Druzynowe Mistrzostwa Polski - II Liga 2023"]
[Site "Jastrzebia Gora"]
[Date "1899-12-30"]
[Round "7.110"]
[White "Wisniewski, Adam"]
[Black "Walentukiewicz, Michal"]
[Result "0-1"]
[WhiteTitle "I+"]
[BlackTitle "CM"]
[WhiteElo "1929"]
[BlackElo "2074"]

1. e4 g6 2. d4 Bg7 3. Nf3 c5 4. c3 cxd4 5. cxd4 Nf6 6. Nc3 d6 7. Be2 O-O 8. O-O
a6 9. Re1 Nc6 10. a3 Bg4 11. d5 Bxf3 12. Bxf3 Ne5 13. Be2 b5 14. Qb3 Nfd7 15.
Be3 Nc5 16. Bxc5 dxc5 17. a4 b4 18. Nd1 a5 19. Ne3 Nd7 20. Rac1 Rc8 21. Kh1 Bd4
22. Bb5 Nb6 23. Rc2 Qd6 24. Qd3 e6 25. Nc4 Nxc4 26. Bxc4 exd5 27. Bxd5 Rfe8 28.
Rce2 Kg7 29. Bc4 h5 30. Qh3 Rcd8 31. Qf3 f6 32. h3 Qe5 33. Qb3 h4 34. Rd1 Qg5
35. Bb5 Re7 36. Qf3 Rd6 37. Bc4 Be5 38. Rde1 Rd2 39. b3 Red7 40. Bd5 Rxe2 41.
Qxe2 Qf4 42. g3 hxg3 43. f3 Rd8 44. Kg2 Rh8 45. Be6 Bd4 46. Rd1 Qe5 47. Bd7 Qe7
48. Bc6 Qe6 0-1

[Event "Druzynowe Mistrzostwa Polski - II Liga 2023"]
[Site "Jastrzebia Gora"]
[Date "1899-12-30"]
[Round "7.111"]
[White "Bienias, Piotr"]
[Black "Szmidt, Przemyslaw"]
[Result "0-1"]
[WhiteTitle "I++"]
[BlackTitle "I++"]
[WhiteElo "1934"]
[BlackElo "1824"]

1. e4 c5 2. Nf3 e6 3. d3 Nc6 4. Nbd2 d6 5. g3 g6 6. Bg2 Bg7 7. O-O Nge7 8. Re1
O-O 9. Nc4 b5 10. Ne3 Rb8 11. a4 b4 12. Nc4 Nd4 13. Bd2 Ba6 14. Rb1 Bxc4 15. dxc4
b3 16. Nxd4 cxd4 17. cxb3 Nc6 18. f4 Qb6 19. Kh1 Nb4 20. Rf1 Nd3 21. b4 Nxb4 22.
f5 Qd8 23. Qf3 Nc6 24. f6 Bh8 25. Bg5 Qa5 26. Qf4 Ne5 27. b3 Rb7 28. Bh3 Rfb8
29. Qf2 Ng4 30. Bxg4 Qxg5 31. Qf3 Qe5 32. Rf2 Rb4 33. Rbb2 a5 34. h4 h5 35. Bh3
d3 36. Qxd3 Bxf6 37. Rb1 Bg7 38. Qf3 Kh7 39. Rff1 R8b7 40. Qd3 Qd4 41. Qe2 Be5
42. Kg2 Rxb3 43. Rxf7+ Kg8 44. Rxb7 Rxg3+ 45. Kh2 Rg1# 0-1

[Event "Druzynowe Mistrzostwa Polski - II Liga 2023"]
[Site "Jastrzebia Gora"]
[Date "1899-12-30"]
[Round "7.112"]
[White "Wisniewski, Szymon"]
[Black "Bes, Michal"]
[Result "0-1"]
[WhiteTitle "I+"]
[BlackTitle "k"]
[WhiteElo "1754"]
[BlackElo "2052"]

1. Nf3 d5 2. g3 c5 3. Bg2 f6 4. O-O e5 5. d3 Bd6 6. e4 d4 7. Nbd2 Nc6 8. Nc4 Bc7
9. a4 Nge7 10. Nh4 O-O 11. f4 exf4 12. Bxf4 Be6 13. b3 Rb8 14. Qh5 b6 15. e5 Bf7
16. Qe2 Nxe5 17. Nxe5 Bxe5 18. Bxe5 fxe5 19. Qxe5 Ng6 20. Nxg6 Bxg6 21. Qd5+ Kh8
22. Qxd8 Rbxd8 23. Rxf8+ Rxf8 24. Re1 Re8 25. Rxe8+ Bxe8 26. Kf2 g5 27. h4 h6
28. hxg5 hxg5 29. Bf3 Kg7 30. Bg4 Kf6 31. Ke2 Ke5 32. Kf2 Bc6 33. Ke2 Bd5 34.
Kf2 Kd6 35. Ke1 Bf7 36. Kf2 Bg6 37. Ke2 c4 38. bxc4 Be8 39. a5 bxa5 40. Kd2 Kc5
41. c3 Ba4 42. cxd4+ Kxd4 43. c5 Bc6 44. Be6 a4 45. Bc4 a3 46. Kc2 Ba4+ 47. Kb1
Kxc5 48. Ka2 Kb4 49. Be6 Bb5 50. Bf5 a5 51. d4 Bc4+ 52. Ka1 Kc3 53. g4 Kxd4 54.
Bd7 Ke5 55. Bf5 Be6 56. Bd3 Kf4 57. Be2 Bxg4 58. Bb5 Bf3 59. Bd7 Be4 60. Bh3 Bf5
61. Bg2 g4 62. Ka2 Be4 63. Bf1 Ke3 64. Kxa3 Kf2 65. Bc4 g3 0-1

[Event "Druzynowe Mistrzostwa Polski - II Liga 2023"]
[Site "Jastrzebia Gora"]
[Date "1899-12-30"]
[Round "7.113"]
[White "Antoniewicz, Jakub"]
[Black "Mioduszewski, Szymon"]
[Result "1-0"]
[WhiteTitle "I"]
[BlackTitle "II"]
[WhiteElo "1950"]
[BlackElo "1534"]

1. e4 e5 2. Nc3 Nf6 3. f4 d5 4. fxe5 Nxe4 5. Qf3 Nxc3 6. dxc3 Qh4+ 7. g3 Qe4+ 8.
Qxe4 dxe4 9. Bg2 Bf5 10. Ne2 Nd7 11. Nd4 Bg6 12. e6 Nc5 13. exf7+ Bxf7 14. b4
Na4 15. Bd2 O-O-O 16. O-O Bd5 17. Bg5 Rd6 18. Rf4 Rd7 19. Bh3 h6 20. Raf1 Bd6
21. Rf7 Bxf7 22. Rxf7 Nb6 23. Be3 Be5 24. Nb5 Rhd8 25. Bxb6 axb6 26. Kf2 c6 27.
Nd4 Kc7 28. Rxd7+ Rxd7 29. Bxd7 Kxd7 30. Ke3 c5 31. Ne2 Bd6 32. b5 g5 33. h3 Ke6
34. Kxe4 Be5 35. c4 Bd6 36. g4 Be5 37. a4 Bg7 38. Ng3 Bf8 39. Nf5 Kd7 40. Kd5
Kd8 41. Ke6 Ke8 1-0

[Event "Druzynowe Mistrzostwa Polski - II Liga 2023"]
[Site "Jastrzebia Gora"]
[Date "1899-12-30"]
[Round "7.114"]
[White "Lukasiewicz, Anna"]
[Black "Jankowska, Julia"]
[Result "1/2-1/2"]
[WhiteTitle "m"]
[BlackTitle "I++"]
[WhiteElo "1805"]
[BlackElo "1748"]

1. e4 Nf6 2. e5 Nd5 3. d4 d6 4. c4 Nb6 5. exd6 exd6 6. Nc3 Be7 7. Bd3 Bf6 8. Nge2
Bg4 9. Be3 Nc6 10. h3 Bh5 11. g4 Bg6 12. b3 O-O 13. Bxg6 hxg6 14. Qd2 Re8 15.
g5 Rxe3 16. gxf6 Rf3 17. fxg7 Qh4 18. O-O-O Re8 19. Ng3 Kxg7 20. Nb5 Re7 21. Rhe1
a6 22. Rxe7 Qxe7 23. Nc3 Qf6 24. Nce4 Qf4 25. Qxf4 Rxf4 26. d5 Ne5 27. Rd2 Rh4
28. Ng5 Nbd7 29. Ne2 Nc5 30. Kc2 Ncd3 31. Rxd3 Nxd3 32. Kxd3 Kf6 33. f4 Ke7 34.
Kd2 f6 35. Ne6 c6 36. f5 gxf5 37. N6f4 Kf7 38. dxc6 bxc6 39. Ke3 Rh8 40. Nd4 Re8+
41. Kf3 Re1 42. Nxc6 Rf1+ 43. Ke3 Re1+ 44. Kf2 Rb1 45. Nd4 Rb2+ 46. Kf3 Rxa2 47.
Nxf5 Rb2 48. Nd4 f5 49. Nxf5 Rxb3+ 50. Ke4 Rb6 51. Kd5 Kf6 52. Nxd6 Rb1 53. c5
Rd1+ 54. Kc6 Kg5 55. Ne2 Kh4 56. Nc3 Rd3 57. Nde4 Rd4 58. Kb6 Rc4 59. c6 Rxc6+
60. Kxc6 Kxh3 61. Kd5 Kg4 62. Ke5 Kf3 63. Kf5 Ke3 64. Ke5 Kf3 65. Nd5 a5 1/2-1/2

[Event "Druzynowe Mistrzostwa Polski - II Liga 2023"]
[Site "Jastrzebia Gora"]
[Date "1899-12-30"]
[Round "7.115"]
[White "Jarmula, Pawel"]
[Black "Jedraszek, Pawel"]
[Result "1/2-1/2"]
[WhiteTitle "k+"]
[BlackTitle "k"]
[WhiteElo "2222"]
[BlackElo "2098"]

1. e4 e5 2. Nf3 Nc6 3. Bb5 a6 4. Ba4 Nf6 5. d3 b5 6. Bb3 Bb7 7. Nc3 Be7 8. a4 O-O
9. O-O Nd4 10. Nxd4 exd4 11. Ne2 c5 12. c3 dxc3 13. bxc3 c4 14. dxc4 bxc4 15.
Bxc4 Nxe4 16. Rb1 Bc6 17. Bd5 Bf6 18. Ba3 Re8 19. c4 Qc7 20. Qd3 Rac8 21. Ng3
Nxg3 22. fxg3 Bxd5 23. Qxd5 Qxc4 24. Qxd7 Rcd8 25. Rfe1 Bd4+ 26. Kh1 Qf1+ 27.
Rxf1 Rxd7 28. Rfd1 h6 29. Bb4 Rb8 30. g4 Rdb7 31. Rxd4 a5 32. h3 Rxb4 33. Rdxb4
Rxb4 34. Ra1 g5 35. Kg1 Kg7 36. Kf2 Kg6 37. Ra2 h5 38. gxh5+ Kxh5 39. Ra3 f5 40.
Kf3 Kg6 41. g4 f4 42. Rc3 Rxa4 43. Rc6+ Kf7 44. Rc5 Kf6 45. Rc6+ Kf7 46. Rc5 Ra3+
47. Ke4 Re3+ 48. Kd4 a4 49. Rxg5 Rxh3 50. Rf5+ Kg6 51. Rxf4 Kg5 52. Rf5+ Kxg4
53. Ra5 Kf3 54. Kc3 Ke2+ 55. Kb4 Rh4+ 56. Ka3 Kd2 57. Rxa4 Rxa4+ 58. Kxa4 1/2-1/2

[Event "Druzynowe Mistrzostwa Polski - II Liga 2023"]
[Site "Jastrzebia Gora"]
[Date "1899-12-30"]
[Round "7.116"]
[White "Ugorek, Kacper"]
[Black "Maj, Pawel"]
[Result "1/2-1/2"]
[WhiteTitle "I+"]
[BlackTitle "k"]
[WhiteElo "2004"]
[BlackElo "2208"]

1. Nf3 Nf6 2. g3 g6 3. b3 Bg7 4. Bb2 O-O 5. Bg2 c5 6. c4 Nc6 7. O-O b6 8. d4 cxd4
9. Nxd4 Bb7 10. Nxc6 Bxc6 11. Nc3 Bxg2 12. Kxg2 Qc7 13. Qd2 Rac8 14. e4 Rfd8 15.
Rfe1 a6 16. e5 Qc6+ 17. f3 Ne8 18. Nd5 Bf8 19. Ba3 Qe6 20. Nf4 Qc6 21. Nd5 Qe6
22. Nf4 Qc6 23. Nd5 1/2-1/2

[Event "Druzynowe Mistrzostwa Polski - II Liga 2023"]
[Site "Jastrzebia Gora"]
[Date "1899-12-30"]
[Round "7.117"]
[White "Sielicki, Tomasz"]
[Black "Walaszczyk, Aleksander"]
[Result "1-0"]
[WhiteTitle "I++"]
[BlackTitle "I"]
[WhiteElo "1956"]
[BlackElo "1693"]

1. d4 Nf6 2. Bg5 d5 3. Bxf6 exf6 4. e3 Bd6 5. Bd3 c6 6. Nd2 O-O 7. Qf3 Re8 8. Ne2
Nd7 9. O-O-O Nf8 10. g4 c5 11. dxc5 Bxc5 12. Nb3 Bb6 13. Bc4 Qd7 14. h3 Qa4 15.
Bd3 Bd7 16. Nc3 Qb4 17. Nxd5 Qd6 18. Nxb6 Qxb6 19. Rhg1 a5 20. g5 fxg5 21. Rxg5
g6 22. a3 Ne6 23. Qf6 Qc7 24. Re5 Ba4 25. Nd4 Nxd4 26. Rxe8+ Rxe8 27. Qxd4 Bc6
28. Bc4 Bf3 29. Qd7 Re7 30. Qd8+ Kg7 31. Qd4+ Kg8 32. Qd8+ Kg7 33. Qxc7 Rxc7 34.
Rd4 Bc6 35. Kd2 g5 36. Bd5 Kg6 37. c4 f6 38. b4 axb4 39. axb4 Be8 40. Kc3 Bd7
41. Bg2 h5 42. Rd6 h4 43. Kd4 Kg7 44. b5 Bc8 45. c5 f5 46. b6 Re7 47. Rd8 Be6
48. c6 bxc6 49. Bxc6 g4 50. b7 g3 51. fxg3 hxg3 52. b8=Q g2 53. Bxg2 Rf7 54. Qg3+
Kh7 55. Qh4+ Kg7 56. Qh8+ Kg6 57. Rg8+ Rg7 58. Qxg7+ Kh5 59. Qh7# 1-0

[Event "Druzynowe Mistrzostwa Polski - II Liga 2023"]
[Site "Jastrzebia Gora"]
[Date "1899-12-30"]
[Round "7.118"]
[White "Sasin, Michal"]
[Black "Kuma, Boguslaw"]
[Result "1/2-1/2"]
[WhiteTitle "I"]
[BlackTitle "k"]
[WhiteElo "1804"]
[BlackElo "2073"]

1. e4 c5 2. Nf3 Nc6 3. Bb5 g6 4. O-O Bg7 5. Bxc6 bxc6 6. c3 d6 7. d4 cxd4 8. cxd4
Rb8 9. h3 Nf6 10. Nc3 Nd7 11. Re1 c5 12. Rb1 O-O 13. Be3 cxd4 14. Nxd4 Bb7 15.
Qd2 Re8 16. f3 Ne5 17. b3 Rc8 18. Nce2 Qd7 19. Rbc1 Ba6 20. Nf4 Qb7 21. Rxc8 Rxc8
22. Rc1 e6 23. Rxc8+ Qxc8 24. Nde2 Qc7 25. Kh1 Bxe2 26. Nxe2 a6 27. Qb4 Bf8 28.
Qb6 Qxb6 29. Bxb6 f5 30. Kg1 Nd3 31. Nd4 Kf7 32. Nc6 Nc1 33. Nb4 fxe4 34. fxe4
d5 35. Nxa6 dxe4 36. Kf2 Nxa2 37. Nc5 Nc3 38. Na4 Nd5 39. Bd4 Bb4 40. Bc5 Bd2
41. Ke2 e3 42. g3 e5 43. Nb6 Nc3+ 44. Kd3 e4+ 45. Kc2 Ne2 46. Nc4 Nxg3 47. Nxd2
exd2 48. Kxd2 Ke6 49. b4 Kd5 50. Bf2 Nf5 51. b5 g5 52. Ke2 h5 53. b6 Kc6 54. Be3
g4 55. hxg4 hxg4 56. Bg1 Kb7 57. Bf2 Kc6 58. Bg1 g3 59. Kd2 Nd6 60. Ke3 Kxb6 61.
Kf4+ Kb5 62. Kxg3 Kc4 63. Kf2 Kd3 64. Ke1 Nf5 65. Kd1 Nh4 66. Ba7 Nf3 67. Bb6
Nd4 68. Bxd4 Kxd4 69. Ke2 e3 70. Ke1 Ke4 71. Ke2 Kf4 72. Ke1 1/2-1/2

[Event "Druzynowe Mistrzostwa Polski - II Liga 2023"]
[Site "Jastrzebia Gora"]
[Date "1899-12-30"]
[Round "7.119"]
[White "Pajak, Jakub"]
[Black "Duszczak, Filip"]
[Result "1-0"]
[WhiteTitle "I++"]
[BlackTitle "II"]
[WhiteElo "1863"]
[BlackElo "1450"]

1. e4 c5 2. Nf3 d6 3. d4 cxd4 4. Nxd4 Nf6 5. Nc3 a6 6. Bg5 e6 7. f4 Be7 8. Qf3
Qc7 9. O-O-O Nbd7 10. g4 h6 11. Bxf6 Bxf6 12. h4 Qb6 13. Nb3 Be7 14. Kb1 Nc5 15.
g5 Bd7 16. f5 hxg5 17. hxg5 Rxh1 18. Qxh1 O-O-O 19. Qh5 Rf8 20. Bh3 Nxb3 21. axb3
Qd8 22. g6 Rh8 23. Qf3 fxg6 24. fxe6 Bc6 25. Nd5 Bxd5 26. exd5 Kb8 27. Bf1 Bf6
28. Bd3 g5 29. c3 Qe7 30. b4 Qc7 31. Bc2 Rh4 32. Re1 Qe7 33. Qe3 Rh8 34. Ba4 Be5
35. Bd7 Qd8 36. Rg1 Bf6 37. Kc2 Rh2+ 38. Kb3 Rh8 39. Ra1 Qc7 40. b5 Rh4 41. Qd3
a5 42. Re1 Rh8 43. Re4 Be5 44. Rc4 a4+ 45. Rxa4 Rh4 46. Re4 Rxe4 47. Qxe4 Qd8
48. Qb4 Qc7 49. b6 Qc5 50. Qxc5 1-0